Principles of measurement (international) for works of construction (Record no. 88724)

MARC details
000 -LEADER
fixed length control field 00809cam a2200241 4500
001 - CONTROL NUMBER
control field ##D15817
008 - FIXED-LENGTH DATA ELEMENTS--GENERAL INFORMATION
fixed length control field 090401t1979 xxu||||| |||| 00| 0 eng d
020 ## - INTERNATIONAL STANDARD BOOK NUMBER
International Standard Book Number 0854061088
-- 978085406188
035 ## - SYSTEM CONTROL NUMBER
System control number (Sirsi) u25349
041 0# - LANGUAGE CODE
Language code of text/sound track or separate title eng
050 04 - LIBRARY OF CONGRESS CALL NUMBER
Classification number 692.3 $2 18
110 2# - MAIN ENTRY--CORPORATE NAME
Corporate name or jurisdiction name as entry element Royal Institution of Chartered Surveyors
9 (RLIN) 4900
245 00 - TITLE STATEMENT
Title Principles of measurement (international) for works of construction
Remainder of title June 1979
Medium [electronic resource]
260 ## - PUBLICATION, DISTRIBUTION, ETC.
Place of publication, distribution, etc. [S.l.]
Name of publisher, distributor, etc. RICS
Date of publication, distribution, etc. 1979
300 ## - PHYSICAL DESCRIPTION
Extent 24p.
Dimensions 30cm
350 ## - PRICE (NR) (BK AM CF MU VM SE) [OBSOLETE]
Price 4
490 ## - SERIES STATEMENT
Series statement RICS Guidance Note
690 ## - LOCAL SUBJECT ADDED ENTRY--TOPICAL TERM (OCLC, RLIN)
Topical term or geographic name as entry element Quantity surveying
9 (RLIN) 6263
856 40 - ELECTRONIC LOCATION AND ACCESS
Uniform Resource Identifier <a href="https://www.rics.org/Global/Downloads/PrinciplesMeasurementInternationalWorksConstruction1979.pdf">https://www.rics.org/Global/Downloads/PrinciplesMeasurementInternationalWorksConstruction1979.pdf</a>
Public note View the item free of charge at www.rics.org
942 ## - ADDED ENTRY ELEMENTS (KOHA)
Suppress in OPAC 0
948 ## - LOCAL PROCESSING INFORMATION (OCLC); SERIES PART DESIGNATOR (RLIN)
c (OCLC) 04/03/1997
Holdings
Withdrawn status Lost status Source of classification or shelving scheme Damaged status Not for loan Home library Current library Shelving location Date acquired Total Checkouts Full call number Barcode Date last seen Copy number Price effective from Koha item type Cost, normal purchase price Date last checked out Cost, replacement price
    Dewey Decimal Classification     London London RICS Boxes 07/12/1999   RICS 1979/19 30005241 06/08/2019 1 06/08/2019 Reference material      
    Dewey Decimal Classification     London London RICS Boxes 07/12/1999   RICS 1979/19 30027846 06/08/2019 2 06/08/2019 Reference material      
    Dewey Decimal Classification     London London RICS Boxes 14/09/1999 5 RICS 1979/19 30058456 06/08/2019 3 06/08/2019 Book 4.00 19/09/2007 4.00
    Dewey Decimal Classification     London London RICS Boxes 07/12/1999 14 RICS 1979/19 30060235 06/08/2019 5 06/08/2019 Book   17/12/2008  
    Dewey Decimal Classification     London London RICS Boxes 17/03/2014   RICS 1979/19 30078214 06/08/2019 6 06/08/2019 Book      
    Dewey Decimal Classification     Virtual Virtual Online 28/04/2011   ONLINE PUBLICATION 25349-6001 06/08/2019 1 06/08/2019 Book